000 00404nam a22001577a 4500
003 OSt
008 241108b |||||||| |||| 00| 0 eng d
020 _a9788172339142
082 _a631.587
_bVER/IR
245 _aIrrigation Resources
260 _aJodhpur
_bScientific Publishers
_c2014
300 _a429
700 _aVerma,sawalia Bihari
_9831
700 _aShrivastawa,Aravind Kumar
_9832
942 _cBK
999 _c14487
_d14487